[Event "SC: fast games for new members"]
[Site "SchemingMind.com"]
[Date "2006.04.29"]
[Round "-"]
[White "ben gully"]
[Black "Dane"]
[Result "0-1"]
[WhiteCountry "AUS"]
[BlackCountry "CRO"]
[WhiteElo "994"]
[WhiteRD "134"]
[BlackElo "1387"]
[BlackRD "139"]
[GameID "48536"]

1. e4 e5 2. Nf3 Nc6 3. Bc4 Nf6 4. d3 Be7 5. Nxe5 Nxe5 6. Bb3 O-O 7. d4 Ng6 8. e5 Ne8 9. O-O d6 10. Re1 dxe5
11. Re3 exd4 12. Rf3 Nf6 13. Bg5 Bg4 14. Qd3 Bxf3 15. Qxf3 c6 16. Nd2 Ne5 17. Qf4 Ng6 18. Qf5 c5 19. Ne4 Nxe4 20. Bxe7 Qxe7
21. Re1 Ng3 22. hxg3 Qxe1+ 23. Kh2 Rae8 24. c4 dxc3 25. bxc3 Re5 26. Qd7 Rh5+ 27. Qh3 Rxh3+ 28. Kxh3 b5
0-1

[Event "SC: fast games for new members"]
[Site "SchemingMind.com"]
[Date "2006.04.29"]
[Round "-"]
[White "Dane"]
[Black "ben gully"]
[Result "1-0"]
[WhiteCountry "CRO"]
[BlackCountry "AUS"]
[WhiteElo "1569"]
[WhiteRD "181"]
[BlackElo "1099"]
[BlackRD "167"]
[GameID "48537"]

1. e4 e5 2. Nf3 f6 3. Bc4 Nh6 4. d3 Bb4+ 5. c3 Bc5 6. O-O d6 7. d4 Bb6 8. Qb3 Nc6 9. Bxh6 gxh6 10. Bf7+ Kf8
11. Bh5 Bd7 12. Qf7#
1-0

[Event "SC: fast games for new members"]
[Site "SchemingMind.com"]
[Date "2006.04.30"]
[Round "-"]
[White "monrae"]
[Black "Dane"]
[Result "1-0"]
[WhiteCountry "PHI"]
[BlackCountry "CRO"]
[WhiteElo "1781"]
[WhiteRD "126"]
[BlackElo "1537"]
[BlackRD "101"]
[GameID "48718"]

1. c4 e5 2. Nc3 Nf6 3. e4 Nc6 4. g3 Be7 5. Bg2 O-O 6. Nge2 d6 7. O-O Bg4 8. f3 Be6 9. d3 Nd4 10. Be3 Nxe2+
11. Qxe2 c6 12. d4 exd4 13. Bxd4 Qd7 14. Rad1 Bh3 15. f4 Bxg2 16. Kxg2 Qc8 17. h3 b6 18. g4 Re8 19. Qf3 c5 20. Be3 a6
21. g5 Nd7 22. Nd5 Qd8 23. b3 b5 24. Bd2 b4 25. Bc1 Nb6 26. Nxb6 Qxb6 27. Rd5 a5 28. Rfd1 a4 29. f5 axb3 30. axb3 Ra2+
31. Kg3 Rc2 32. f6 Bd8 33. Bf4 Bc7 34. fxg7 Re5 35. Bxe5 dxe5 36. Qf6 Rc3+ 37. Kh4 Qxf6 38. gxf6
1-0

[Event "SC: fast games for new members"]
[Site "SchemingMind.com"]
[Date "2006.04.30"]
[Round "-"]
[White "monrae"]
[Black "ben gully"]
[Result "1-0"]
[WhiteCountry "PHI"]
[BlackCountry "AUS"]
[WhiteElo "1766"]
[WhiteRD "149"]
[BlackElo "994"]
[BlackRD "134"]
[GameID "48719"]

1. d4 d5 2. c4 e6 3. Nc3 c5 4. cxd5 exd5 5. Nf3 Nc6 6. g3 Qf6 7. Nxd5 Qd6 8. dxc5 Qxc5 9. Nc7+ Ke7 10. Nxa8 g6
11. Bg2 Bg7 12. O-O Qb4 13. Nc7 Qa5 14. Nd5+ Ke8 15. e4 Nf6 16. Nxf6+ Bxf6 17. e5 Bxe5 18. Re1 Kf8 19. Bh6+ Bg7 20. Qd6+ Kg8
21. Re8+ Bf8 22. Qxf8#
1-0

[Event "SC: fast games for new members"]
[Site "SchemingMind.com"]
[Date "2006.04.30"]
[Round "-"]
[White "Dane"]
[Black "monrae"]
[Result "0-1"]
[WhiteCountry "CRO"]
[BlackCountry "PHI"]
[WhiteElo "1387"]
[WhiteRD "139"]
[BlackElo "1766"]
[BlackRD "149"]
[GameID "48720"]

1. e4 e6 2. d4 d5 3. exd5 exd5 4. Nf3 Bd6 5. Bg5 Ne7 6. Be2 Nbc6 7. O-O Bg4 8. c3 f6 9. Bh4 Qd7 10. Nbd2 g5
11. Bg3 h5 12. Bxd6 Qxd6 13. c4 O-O-O 14. c5 Qf4 15. h3 Bxf3 16. Bxf3 g4 17. hxg4 hxg4 18. Bxg4+ f5 19. Bh3 Rxh3 20. g3 Rxg3+
21. fxg3 Qxg3+
0-1

[Event "SC: fast games for new members"]
[Site "SchemingMind.com"]
[Date "2006.04.30"]
[Round "-"]
[White "ben gully"]
[Black "monrae"]
[Result "0-1"]
[WhiteCountry "AUS"]
[BlackCountry "PHI"]
[WhiteElo "994"]
[WhiteRD "134"]
[BlackElo "1766"]
[BlackRD "149"]
[GameID "48721"]

1. e4 e6 2. d4 d5 3. f3 c6 4. Nc3 Bb4 5. Ne2 Nf6 6. Bg5 Be7 7. Ng3 O-O 8. e5 Nfd7 9. Bxe7 Qxe7 10. Qd2 a6
11. Bd3 c5 12. Qf4 Nc6 13. Qg4 cxd4 14. Qh5 g6 15. Qh6 dxc3 16. bxc3 Qc5 17. Nh5 Qxc3+ 18. Kf2 Qxe5 19. f4 Qxh5
0-1

[Event "SC: fast games for new members"]
[Site "SchemingMind.com"]
[Date "2006.05.01"]
[Round "-"]
[White "TheRa7en"]
[Black "Dane"]
[Result "0-1"]
[WhiteCountry "AUS"]
[BlackCountry "CRO"]
[WhiteElo "1227"]
[WhiteRD "125"]
[BlackElo "1569"]
[BlackRD "181"]
[GameID "48818"]

1. d4 Nf6 2. Nc3 e6 3. e4 Bb4 4. e5 Nd5 5. Nf3 Nxc3 6. bxc3 Bxc3+ 7. Nd2 Bxa1 8. Nf3 Bc3+ 9. Bd2 Bxd2+ 10. Qxd2 O-O
11. Bd3 f5 12. O-O b6 13. c3 Bb7 14. Qf4 Bxf3 15. Qxf3 Nc6 16. Bb5 Ne7 17. Qh3 Nd5 18. a4 a6 19. Bc4 c6 20. g4 b5
21. axb5 axb5 22. Bxd5 cxd5 23. Qg3 f4 24. Qd3 Qh4 25. f3 Ra2 26. Qxb5 Qxh2#
0-1

[Event "SC: fast games for new members"]
[Site "SchemingMind.com"]
[Date "2006.05.01"]
[Round "-"]
[White "TheRa7en"]
[Black "ben gully"]
[Result "1-0"]
[WhiteCountry "AUS"]
[BlackCountry "AUS"]
[WhiteElo "1264"]
[WhiteRD "91"]
[BlackElo "994"]
[BlackRD "134"]
[GameID "48819"]

1. d4 f6 2. Nf3 d5 3. Nc3 Bf5 4. e3 Nc6 5. Bd3 Nh6 6. e4 Bg4 7. O-O e6 8. e5 Nb4 9. Re1 Nxd3 10. cxd3 Bb4
11. Be3 Nf5 12. Qa4+ c6 13. Qxb4 a5 14. Qxb7 O-O 15. Qxc6 Ne7 16. Qc5 Rc8 17. Qd6 Qe8 18. exf6 Nf5 19. Qa3 Rxf6 20. Qxa5 Qh5
21. Qa6 Rcf8 22. b4 Nxe3 23. Rxe3 Rh6 24. Qd6 Bxf3 25. gxf3 Qxh2+ 26. Qxh2 Rg6+ 27. Kf1 Rh6 28. Qxh6 g6 29. Rxe6 Kf7 30. Qf4+ Kg7
31. Re7+ Kg8 32. Qh6 Rf7 33. Rxf7 Kxf7 34. Qxh7+ Kf6 35. Nxd5+ Ke6 36. Nc3 g5 37. Re1+ Kd6 38. Qe7+ Kc6 39. Re6#
1-0

[Event "SC: fast games for new members"]
[Site "SchemingMind.com"]
[Date "2006.05.01"]
[Round "-"]
[White "TheRa7en"]
[Black "monrae"]
[Result "0-1"]
[WhiteCountry "AUS"]
[BlackCountry "PHI"]
[WhiteElo "1264"]
[WhiteRD "91"]
[BlackElo "1766"]
[BlackRD "149"]
[GameID "48820"]

1. e4 e6 2. d4 d5 3. e5 c5 4. Nf3 Nc6 5. Nc3 Qb6 6. Ng5 cxd4 7. Na4 Qa5+ 8. Bd2 Qxa4 9. Qf3 Nh6 10. Bd3 Nxe5
11. O-O Nxf3+ 12. gxf3 g6 13. f4 Bg7 14. Rae1 Bd7 15. b3 Qa3 16. Nf3 O-O 17. c4 dxc3 18. Bc1 Qxa2 19. Ne5 Bc6 20. h3 Qxb3
21. Be3 Nf5 22. Nxc6 bxc6 23. Rb1 Qa3 24. Bc1 Qd6 25. Rb3 c5 26. Ba3 Rfc8 27. Ba6 Rc7 28. Rfb1 Qxf4 29. Rb8+ Rxb8 30. Rxb8+ Bf8
31. Rd8 c2 32. Kg2 Nh4+ 33. Kg1 c1=Q+ 34. Bf1 Qg5+ 35. Kh2 Nf3+
0-1

[Event "SC: fast games for new members"]
[Site "SchemingMind.com"]
[Date "2006.05.01"]
[Round "-"]
[White "Dane"]
[Black "TheRa7en"]
[Result "1-0"]
[WhiteCountry "CRO"]
[BlackCountry "AUS"]
[WhiteElo "1569"]
[WhiteRD "181"]
[BlackElo "1227"]
[BlackRD "125"]
[GameID "48821"]

1. e4 Nf6 2. e5 Ne4 3. d3 Nc5 4. d4 Ne4 5. Bd3 d5 6. exd6 Nxd6 7. Nf3 e6 8. O-O Be7 9. Be3 Nc6 10. Nbd2 O-O
11. c3 b6 12. Bg5 h6 13. Bxe7 Qxe7 14. Re1 f6 15. Nh4 Qf7 16. Ne4 e5 17. Nxd6 Qd5 18. Nb5 exd4 19. Nxc7 Qg5 20. Nf3 Bg4
21. Nxa8 Rxa8 22. Qb3+ Kf8 23. Nxg5 hxg5 24. Be4 Rc8 25. Bxc6 Rxc6 26. Qb4+ Kg8 27. Qxd4 Bf5 28. Qd5+ Re6 29. Rxe6
1-0

[Event "SC: fast games for new members"]
[Site "SchemingMind.com"]
[Date "2006.05.01"]
[Round "-"]
[White "ben gully"]
[Black "TheRa7en"]
[Result "0-1"]
[WhiteCountry "AUS"]
[BlackCountry "AUS"]
[WhiteElo "1099"]
[WhiteRD "167"]
[BlackElo "1227"]
[BlackRD "125"]
[GameID "48822"]

1. e4 Nc6 2. c3 e6 3. d4 Nf6 4. Nd2 d5 5. f3 g6 6. Bb5 Bg7 7. Nh3 O-O 8. O-O b6 9. Bxc6 Rb8 10. Nf4 Qd6
11. e5 Qxc6 12. exf6 Bxf6 13. b4 Qxc3 14. Rb1 Qxd4+ 15. Kh1 Qxf4 16. Ne4 Qh4 17. Bb2 Bxb2 18. Rxb2 dxe4 19. Qc1 exf3 20. g3 Qe4
21. Rd1 f2#
0-1

[Event "SC: fast games for new members"]
[Site "SchemingMind.com"]
[Date "2006.05.01"]
[Round "-"]
[White "monrae"]
[Black "TheRa7en"]
[Result "1-0"]
[WhiteCountry "PHI"]
[BlackCountry "AUS"]
[WhiteElo "1766"]
[WhiteRD "149"]
[BlackElo "1264"]
[BlackRD "91"]
[GameID "48823"]

1. c4 Nc6 2. Nc3 e5 3. g3 Nf6 4. e4 Bb4 5. Bg2 O-O 6. Nge2 Bxc3 7. Nxc3 d6 8. O-O Be6 9. d3 Nd4 10. Bg5 Bg4
11. f3 Be6 12. Qd2 c5 13. f4 exf4 14. Rxf4 Qa5 15. Raf1 Qxa2 16. Nxa2 h6 17. Bxh6 Ng4 18. Bg5 Bd7 19. h3 Ne5 20. Be7 Rfe8
21. Bxd6 Re6 22. Bxe5 Rxe5 23. Rxf7 Rf5 24. R7xf5 Nxf5 25. exf5
1-0

[Event "SC: fast games for new members"]
[Site "SchemingMind.com"]
[Date "2006.05.03"]
[Round "-"]
[White "mohamed_tahoma"]
[Black "TheRa7en"]
[Result "0-1"]
[WhiteCountry "IRQ"]
[BlackCountry "AUS"]
[WhiteElo "1256"]
[WhiteRD "251"]
[BlackElo "1227"]
[BlackRD "125"]
[GameID "49142"]

1. e4 d5 2. exd5 Qxd5 3. Nc3 Qd8 4. Bc4 Nc6 5. Nf3 Nf6 6. h3 e5 7. Ng5 Bf5 8. Nxf7 Qd4 9. Bb3 Ne4 10. Nxh8 Qxf2#
0-1

[Event "SC: fast games for new members"]
[Site "SchemingMind.com"]
[Date "2006.05.03"]
[Round "-"]
[White "mohamed_tahoma"]
[Black "Dane"]
[Result "1-0"]
[WhiteCountry "IRQ"]
[BlackCountry "CRO"]
[WhiteElo "1497"]
[WhiteRD "177"]
[BlackElo "1387"]
[BlackRD "139"]
[GameID "49143"]

1. c4 e5 2. Nc3 Nf6 3. e4 Be7 4. g3 O-O 5. Bg2 d6 6. Nge2 Be6 7. d3 c6 8. O-O Qc8 9. f4 exf4 10. Nxf4 Bg4
11. Bf3 Bxf3 12. Qxf3 Ng4 13. h3= Ne5 14. Qe3 Bg5 15. h4= Bxf4 16. Rxf4 Nbd7 17. Kh2 Ng6 18. Rf1 Nde5 19. Qe2 Ng4+ 20. Kg2= Qd7
21. Nd1 Rae8 22. Ne3 Nxe3+ 23. Bxe3 b6 24. Rad1= d5 25. Qf3 Ne5 26. Qf5 Qb7 27. Bd4 Ng6 28. h5 Ne7 29. Qg4 g6 30. hxg6 hxg6
31. Qh4 f5 32. Qh8+ Kf7 33. Qf6+
1-0

[Event "SC: fast games for new members"]
[Site "SchemingMind.com"]
[Date "2006.05.03"]
[Round "-"]
[White "mohamed_tahoma"]
[Black "ben gully"]
[Result "1-0"]
[WhiteCountry "IRQ"]
[BlackCountry "AUS"]
[WhiteElo "1497"]
[WhiteRD "177"]
[BlackElo "994"]
[BlackRD "134"]
[GameID "49144"]

1. e4 e5 2. Nf3 Nc6 3. Bb5 f6 4. O-O Qe7 5. Nc3 Qc5 6. Nd5 Bd6 7. Ba4 b5 8. Bb3 Nh6 9. c3 a6 10. d4 Qa7
11. Bxh6 gxh6 12. Nh4 exd4 13. Qh5+ Kd8 14. Qxh6 dxc3 15. Qxf6+ Ne7 16. Qxh8+ Ng8 17. Qxg8+ Bf8 18. Qxf8#
1-0

[Event "SC: fast games for new members"]
[Site "SchemingMind.com"]
[Date "2006.05.03"]
[Round "-"]
[White "mohamed_tahoma"]
[Black "monrae"]
[Result "0-1"]
[WhiteCountry "IRQ"]
[BlackCountry "PHI"]
[WhiteElo "1339"]
[WhiteRD "137"]
[BlackElo "1654"]
[BlackRD "108"]
[GameID "49145"]

1. g3 d5 2. Bg2 c6 3. d4 Nf6 4. c3 Bf5 5. Bf4 e6 6. Nd2 Nbd7 7. Ngf3 Be7 8. O-O O-O 9. Qb3 Qb6 10. e3= Qxb3
11. axb3 a6 12. Ne5 c5 13. Bg5 Bd6 14. Nxd7 Nxd7 15. e4 h6 16. exf5 hxg5 17. fxe6 fxe6 18. Bh3 Rfe8 19. Rae1 Nf8 20. Nf3 Kf7
21. dxc5 Bxc5 22. Nxg5+ Kf6 23. Nf3 e5 24. b4 Ba7
0-1

[Event "SC: fast games for new members"]
[Site "SchemingMind.com"]
[Date "2006.05.03"]
[Round "-"]
[White "TheRa7en"]
[Black "mohamed_tahoma"]
[Result "0-1"]
[WhiteCountry "AUS"]
[BlackCountry "IRQ"]
[WhiteElo "1264"]
[WhiteRD "91"]
[BlackElo "1497"]
[BlackRD "177"]
[GameID "49146"]

1. d4 d5 2. e4 dxe4 3. Nc3 e5 4. dxe5 Qxd1+ 5. Kxd1 Bf5 6. f3 exf3 7. Nxf3 Nc6 8. Bf4 O-O-O+ 9. Bd3 Bxd3 10. cxd3 Rxd3+
11. Ke2 Rd8 12. Rhd1 Bc5 13. Rd5 Rxd5 14. Nxd5 Nge7 15. Nxe7+ Bxe7 16. Rd1 Rd8 17. b4 Rxd1 18. Kxd1 Nxb4 19. Ng5 Bxg5 20. Bxg5= Nxa2
21. Kd2 Nb4 22. Be7 Nc6 23. Bf8 Nxe5 24. Bxg7 Ng6 25. Bd4 Kd7 26. Bxa7 b6 27. Ke3 Kc6 28. Ke4 Kb7 29. Bxb6 Kxb6 30. Kf5 c5
31. Kf6 c4 32. g4 c3 33. Kxf7 Ne5+ 34. Kg7 Nxg4 35. h4 c2 36. Kxh7 c1=Q 37. h5 Qh6+ 38. Kg8 Qxh5 39. Kg7 Qh6+
0-1

[Event "SC: fast games for new members"]
[Site "SchemingMind.com"]
[Date "2006.05.03"]
[Round "-"]
[White "Dane"]
[Black "mohamed_tahoma"]
[Result "1-0"]
[WhiteCountry "CRO"]
[BlackCountry "IRQ"]
[WhiteElo "1537"]
[WhiteRD "101"]
[BlackElo "1357"]
[BlackRD "139"]
[GameID "49147"]

1. e4 c5 2. Nf3 e6 3. d4 cxd4 4. Nxd4 Nf6 5. Nc3 Bb4 6. Bd2 Bxc3 7. Bxc3 Nxe4 8. Qf3 Nxc3 9. Qxc3 a6 10. O-O-O O-O
11. Bd3 Nc6 12. Nxc6 bxc6 13. h4 Rb8 14. h5 h6 15. Qd4 Qb6 16. Qxb6 Rxb6 17. g4 d5 18. Rhg1 c5 19. g5 c4 20. Be2 Kh7
21. gxh6 gxh6 22. b3 cxb3 23. axb3 Rg8 24. Rgf1 a5 25. Bd3+ f5 26. f4 Ba6 27. Bxa6 Rxa6 28. Rd4 Rg2 29. Kb2 Rh2 30. Ra1 Rxh5
31. Rda4 Rh4 32. Rxa5 Rxa5 33. Rxa5 Rxf4 34. c3 h5 35. b4 h4 36. b5 h3 37. b6 h2 38. Ra1 Rg4 39. Rh1 Rg7 40. Ka3
1-0

[Event "SC: fast games for new members"]
[Site "SchemingMind.com"]
[Date "2006.05.03"]
[Round "-"]
[White "ben gully"]
[Black "mohamed_tahoma"]
[Result "0-1"]
[WhiteCountry "AUS"]
[BlackCountry "IRQ"]
[WhiteElo "975"]
[WhiteRD "140"]
[BlackElo "1339"]
[BlackRD "141"]
[GameID "49148"]

1. e4 e5 2. Nf3 Nc6 3. Bc4 Bc5 4. c3 Nf6 5. Qe2 Qe7= 6. O-O O-O 7. d3 h6 8. Na3 Na5 9. d4 Nxc4 10. Nxc4 exd4
11. Nce5 dxc3 12. bxc3 d6 13. Be3 dxe5 14. Bxc5 Qxc5 15. Rad1 Bg4 16. Qd3 Bxf3 17. Qxf3 Rad8
0-1

[Event "SC: fast games for new members"]
[Site "SchemingMind.com"]
[Date "2006.05.05"]
[Round "-"]
[White "monrae"]
[Black "mohamed_tahoma"]
[Result "1-0"]
[WhiteCountry "PHI"]
[BlackCountry "IRQ"]
[WhiteElo "1781"]
[WhiteRD "126"]
[BlackElo "1357"]
[BlackRD "139"]
[GameID "49149"]

1. c4 c6 2. d4 d5 3. Nc3 dxc4 4. a4 e5 5. dxe5 Qxd1+ 6. Nxd1 Bb4+ 7. Nc3 Ne7 8. e4 Be6 9. Be3 Nd7 10. f4 f5
11. exf5 Nxf5= 12. Bf2 O-O 13. Nf3 Bc5 14. Rd1 Bxf2+= 15. Kxf2 Nc5 16. Nd4 Nxd4 17. Rxd4 Rad8 18. Ke3 Rxd4 19. Kxd4 b6 20. Ke3 a5
21. Be2
1-0

[Event "SC: fast games for new members"]
[Site "SchemingMind.com"]
[Date "2006.05.04"]
[Round "-"]
[White "bioniclime"]
[Black "TheRa7en"]
[Result "1-0"]
[WhiteCountry "USA"]
[BlackCountry "AUS"]
[WhiteElo "1430"]
[WhiteRD "206"]
[BlackElo "1227"]
[BlackRD "125"]
[GameID "49393"]

1. c4 e6 2. Nc3 Nf6 3. Nf3 d5 4. cxd5 Nxd5 5. g3 g6 6. Qa4+ Bd7 7. Qd4 f6 8. Nxd5 exd5 9. Qxd5 c6 10. Qb3 Bg7
11. Qxb7 Na6 12. Qxa6 O-O 13. Qc4+ Rf7 14. Bg2 f5 15. d3 Rb8 16. Ng5 Be8 17. Nxf7 Bxf7 18. Qxc6 Bxb2 19. Bxb2 Qa5+ 20. Qc3 Re8
21. Qxa5
1-0

[Event "SC: fast games for new members"]
[Site "SchemingMind.com"]
[Date "2006.05.04"]
[Round "-"]
[White "bioniclime"]
[Black "Dane"]
[Result "1-0"]
[WhiteCountry "USA"]
[BlackCountry "CRO"]
[WhiteElo "1653"]
[WhiteRD "146"]
[BlackElo "1387"]
[BlackRD "139"]
[GameID "49394"]

1. c4 e5 2. Nc3 Nf6 3. Nf3 d6 4. d4 exd4 5. Nxd4 Be7 6. Bg5 O-O 7. e3 Bd7 8. Bd3 c5 9. Nf5 Bxf5 10. Bxf5 Nc6
11. a3 Nd7 12. Bf4 Nb6 13. Qd3 g6 14. Bh3 Ne5 15. Bxe5 dxe5 16. Qxd8 Raxd8 17. b3 Nd7 18. Nd5 Bg5 19. f4 exf4 20. exf4 Rfe8+
21. Kf2 Bh6 22. Bxd7 Rxd7 23. Nf6+ Kh8 24. Nxd7 Bg7 25. Ne5 Bxe5 26. fxe5 Rxe5 27. Rhe1 Rf5+ 28. Kg3 h5 29. Re7 g5 30. Rd1 Kg7
31. Rxb7 Kg6 32. h4 gxh4+ 33. Kxh4 Rf4+ 34. Kg3 Rg4+ 35. Kf3 f5 36. Rd6+ Kg5 37. Rg7+ Kh4 38. Rxg4+ hxg4+ 39. Kf4
1-0

[Event "SC: fast games for new members"]
[Site "SchemingMind.com"]
[Date "2006.05.04"]
[Round "-"]
[White "bioniclime"]
[Black "ben gully"]
[Result "1-0"]
[WhiteCountry "USA"]
[BlackCountry "AUS"]
[WhiteElo "1653"]
[WhiteRD "146"]
[BlackElo "994"]
[BlackRD "134"]
[GameID "49395"]

1. c4 e5 2. Nc3 f6 3. Nf3 Ne7 4. d3 d6 5. g3 d5 6. cxd5 Nxd5 7. Qb3 Be6 8. Qxb7 Nd7 9. Nxd5 Nc5 10. Qxa8 Bxd5
11. Qxd8+ Kxd8 12. Bg2 e4 13. dxe4 Bc4 14. Be3 Nxe4 15. Nd2 Nxd2 16. Bxd2 Bc5 17. Rc1 Ba6 18. Rxc5 Re8 19. Rd5+ Kc8 20. O-O Rxe2
21. Re1 Rxe1+ 22. Bxe1 c6 23. Bh3+ Kb7 24. Rd7+ Kb6 25. Rxg7 c5 26. Rxh7
1-0

[Event "SC: fast games for new members"]
[Site "SchemingMind.com"]
[Date "2006.05.04"]
[Round "-"]
[White "bioniclime"]
[Black "monrae"]
[Result "1-0"]
[WhiteCountry "USA"]
[BlackCountry "PHI"]
[WhiteElo "1735"]
[WhiteRD "118"]
[BlackElo "1781"]
[BlackRD "126"]
[GameID "49396"]

1. c4 e6 2. Nc3 d5 3. cxd5 exd5 4. d4 Nf6 5. Bg5 c6 6. e3 Bd6 7. Nf3 Bg4 8. Be2 Nbd7 9. O-O O-O 10. e4 dxe4
11. Nxe4 Be7 12. Nc3 Qb6 13. Qd2 Rad8 14. Rfe1 Qa5 15. a3 Qc7 16. Bc4 Nb6 17. Be2 Rfe8 18. Ne5 Bxe2 19. Rxe2 Nbd7 20. Rae1 h6
21. Bxh6 gxh6 22. Qxh6 Nxe5 23. Rxe5 Ng4 24. Rg5+ Bxg5 25. Qxg5+ Kf8 26. Rxe8+ Rxe8 27. g3
1-0

[Event "SC: fast games for new members"]
[Site "SchemingMind.com"]
[Date "2006.05.04"]
[Round "-"]
[White "bioniclime"]
[Black "mohamed_tahoma"]
[Result "1-0"]
[WhiteCountry "USA"]
[BlackCountry "IRQ"]
[WhiteElo "1735"]
[WhiteRD "118"]
[BlackElo "1357"]
[BlackRD "139"]
[GameID "49397"]

1. c4 e5 2. Nc3 Nf6 3. Nf3 Nc6 4. d3 d5 5. cxd5 Nxd5 6. g3 Be6 7. Bg2 Be7 8. O-O O-O 9. a3 f5 10. Bd2 f4
11. Qc1 fxg3 12. fxg3 Nd4 13. Nxd4 Rxf1+ 14. Qxf1 exd4 15. Nxd5 Bxd5 16. Bxd5+ Qxd5 17. Rc1 Rf8 18. Qh3 Bd6 19. Qg4 h5 20. Qg6 Rf6
21. Qg5 Qf5 22. Qxf5 Rxf5 23. Kg2 Kf7 24. Rf1 Rxf1 25. Kxf1 h4 26. Bf4 Bxf4 27. gxf4 Kf6 28. Kf2
1-0

[Event "SC: fast games for new members"]
[Site "SchemingMind.com"]
[Date "2006.05.04"]
[Round "-"]
[White "TheRa7en"]
[Black "bioniclime"]
[Result "0-1"]
[WhiteCountry "AUS"]
[BlackCountry "USA"]
[WhiteElo "1227"]
[WhiteRD "125"]
[BlackElo "1430"]
[BlackRD "206"]
[GameID "49398"]

1. e4 d6 2. d4 Nf6 3. Nc3 g6 4. Bg5 Bg7 5. Bxf6 Bxf6 6. f3 Nd7 7. Bd3 Bxd4 8. Qd2 Bg7 9. Nge2 O-O 10. O-O Ne5
11. b4 Nxd3 12. Qxd3 c6 13. Rab1 Qb6+ 14. Kh1 Be6 15. a4 a5 16. bxa5 Qa6 17. Qxa6 bxa6 18. Rb7 Bc4 19. Rfb1 d5 20. Rxe7 d4
21. Nxd4 Bxd4 22. Nd1 Be2 23. c3 Bxd1 24. cxd4 Bxa4 25. e5 Rab8 26. Re1 Bb3 27. h3 Rfd8 28. f4 Rxd4 29. Rc1 Rd1+ 30. Rxd1 Bxd1
31. g4 Rc8 32. f5 gxf5 33. gxf5 Kg7 34. f6+ Kg6 35. Kg2 c5 36. Kf2 c4 37. Ke3 c3 38. Ra7 c2 39. Rxa6 c1=Q+
0-1

[Event "SC: fast games for new members"]
[Site "SchemingMind.com"]
[Date "2006.05.04"]
[Round "-"]
[White "Dane"]
[Black "bioniclime"]
[Result "0-1"]
[WhiteCountry "CRO"]
[BlackCountry "USA"]
[WhiteElo "1387"]
[WhiteRD "139"]
[BlackElo "1653"]
[BlackRD "146"]
[GameID "49399"]

1. e4 d6 2. d4 Nf6 3. Bd3 g6 4. Nf3 Bg7 5. O-O Nbd7 6. Bd2 O-O 7. Qc1 c6 8. Bh6 b5 9. Bxg7 Kxg7 10. c3 e5
11. dxe5 Nxe5 12. Nxe5 dxe5 13. Bc2 Bb7 14. Nd2 c5 15. Nf3 Nxe4 16. Nxe5 Qd5 17. Bxe4 Qxe4 18. Nf3 Rfe8 19. Qg5 Qe7 20. Qg4 Bxf3
21. Qxf3 Rad8 22. h3 Rd2 23. b3 Qe4 24. Qg3 Qd3 25. Qg5 Qxc3 26. Rac1 Rc2 27. Rxc2 Qxc2 28. Qd5 Re2 29. a3 c4 30. bxc4 bxc4
31. Qd4+ Kf8 32. Qxa7 c3 33. Qb8+ Kg7 34. Qb6 Qd2 35. a4 Re1 36. Rxe1 Qxe1+ 37. Kh2 Qd2 38. a5 c2 39. Qb2+ Kh6 40. a6 c1=Q
41. Qf6 Qf4+
0-1

[Event "SC: fast games for new members"]
[Site "SchemingMind.com"]
[Date "2006.05.04"]
[Round "-"]
[White "ben gully"]
[Black "bioniclime"]
[Result "0-1"]
[WhiteCountry "AUS"]
[BlackCountry "USA"]
[WhiteElo "994"]
[WhiteRD "134"]
[BlackElo "1653"]
[BlackRD "146"]
[GameID "49400"]

1. e4 d6 2. Bc4 Nf6 3. d3 c5 4. b3 a6 5. Bg5 b5 6. Bd5 Nxd5 7. exd5 Qa5+ 8. Bd2 Qb6 9. Nf3 Bg4 10. O-O g6
11. Re1 Bg7 12. Qe2 O-O 13. c3 Re8 14. Bg5 b4 15. Bxe7 Bf8 16. Qe4 Bxf3 17. gxf3 Rxe7 18. Qxe7 Bxe7 19. Rxe7 Qd8 20. Re4 Qf6
21. Re8+ Kg7 22. Nd2 Qxc3 23. Nc4 Qxa1+ 24. Kg2 Qf6 25. Nb6 Ra7 26. Nc8 Rc7
0-1

[Event "SC: fast games for new members"]
[Site "SchemingMind.com"]
[Date "2006.05.05"]
[Round "-"]
[White "monrae"]
[Black "bioniclime"]
[Result "1-0"]
[WhiteCountry "PHI"]
[BlackCountry "USA"]
[WhiteElo "1781"]
[WhiteRD "126"]
[BlackElo "1735"]
[BlackRD "118"]
[GameID "49401"]

1. c4 Nf6 2. Nc3 g6 3. e4 d6 4. g3 Bg7 5. Bg2 c6 6. Nge2 O-O 7. O-O e5 8. d3 Be6 9. f4 exf4 10. Bxf4 Na6
11. Qd2 Nc7 12. Bg5 b5 13. cxb5 Nxb5 14. Nxb5 cxb5 15. e5 dxe5 16. Bxa8 Qxa8 17. Bxf6 Bh3 18. Nf4 Bxf1 19. Bxg7 Kxg7 20. Nh5+ gxh5
21. Rxf1 Qc6 22. Qg5+ Qg6 23. Qxe5+ Kg8 24. Qxb5 Qe6 25. Qxh5 Qb6+ 26. Rf2 Re8 27. Qxf7+
1-0

[Event "SC: fast games for new members"]
[Site "SchemingMind.com"]
[Date "2006.05.05"]
[Round "-"]
[White "mohamed_tahoma"]
[Black "bioniclime"]
[Result "0-1"]
[WhiteCountry "IRQ"]
[BlackCountry "USA"]
[WhiteElo "1357"]
[WhiteRD "139"]
[BlackElo "1735"]
[BlackRD "118"]
[GameID "49402"]

1. Nc3 Nf6 2. Nf3 c5 3. e4 d6 4. d4 cxd4 5. Nxd4 g6 6. Be3 Bd7 7. f3 Bg7 8. Qd2 O-O 9. g4 a6 10. h4 h5
11. gxh5= Nxh5 12. Be2 Ng3 13. Rh2 Nxe2 14. Ndxe2 Qc7 15. h5 d5 16. Rh1 d4 17. Bxd4 Bxd4 18. Qxd4 Nc6 19. Qd2 Kg7 20. hxg6 fxg6
21. Qh6+ Kf7 22. Qh7+ Ke8 23. Qxg6+ Kd8 24. O-O-O Rc8 25. Rd2 Ne5 26. Qg7 Re8 27. Rhd1 b5
0-1

[Event "SC: fast games for new members"]
[Site "SchemingMind.com"]
[Date "2006.05.05"]
[Round "-"]
[White "colonia"]
[Black "TheRa7en"]
[Result "1-0"]
[WhiteCountry "GER"]
[BlackCountry "AUS"]
[WhiteElo "1872"]
[WhiteRD "128"]
[BlackElo "1227"]
[BlackRD "125"]
[GameID "49536"]

1. f4 d5 2. b3 Nc6 3. Nf3 e6 4. e3 Nf6 5. Bb2 Bb4 6. Bb5 Ne4 7. O-O a6 8. Bxc6+ bxc6 9. Bxg7 Rg8 10. Bb2 e5
11. fxe5 Ng5 12. Nd4 Nh3+ 13. Kh1 Bg4 14. Qe1 Qe7 15. Nxc6 Qc5 16. Nxb4 Qxb4 17. Nc3 c5 18. Nxd5 Qe4 19. Nf6+ Ke7 20. Nxe4 f5
21. exf6+ Kf8 22. Qh4 Be2 23. Qxh7 Rg7 24. Qxg7+ Ke8 25. Qe7#
1-0

[Event "SC: fast games for new members"]
[Site "SchemingMind.com"]
[Date "2006.05.05"]
[Round "-"]
[White "colonia"]
[Black "Dane"]
[Result "1-0"]
[WhiteCountry "GER"]
[BlackCountry "CRO"]
[WhiteElo "1872"]
[WhiteRD "128"]
[BlackElo "1569"]
[BlackRD "181"]
[GameID "49537"]

1. e4 e5 2. Nc3 Nf6 3. f4 d6 4. Nf3 exf4 5. d4 Bg4 6. Bxf4 Be7 7. Bc4 O-O 8. O-O Nc6 9. Qd2 Bxf3 10. gxf3 Nh5
11. Be3 Na5 12. Bd3 c5 13. dxc5 dxc5 14. Nd5 b6 15. e5 g6 16. Ba6 Rb8 17. Bb5 Ng7 18. Rad1 Nf5 19. Bh6 Re8 20. Bxe8 Qxe8
21. Qf4 Nxh6 22. Qxh6 Nc4 23. Rfe1 Nxb2 24. e6 Nxd1 25. exf7+ Kxf7 26. Qxh7+ Kf8 27. Rxe7 Qxe7 28. Qxe7+ Kg8 29. Nf6+ Kh8 30. Qh7#
1-0